| 000 | 00574nam a2200193 a 4500 | ||
|---|---|---|---|
| 001 | 000042973 | ||
| 005 | 20201002040536.0 | ||
| 008 | 140213s1989 cr 000 0 spa d | ||
| 020 | _a9977301409 | ||
| 040 |
_aDO-SdBNP _bspa _cBNPHU |
||
| 100 | 1 |
_aSalas, Luis _970453 |
|
| 245 | 1 | 3 |
_aLa justicia penal en Guatemala / _cLuis Salas, José M. Rico. |
| 260 |
_aSan José, Costa Rica, : _bEDUCA, _c1989. |
||
| 300 |
_a199 p. ; _c19 cm. |
||
| 490 | 1 | _aAula | |
| 700 | 1 |
_aRico, José M. _970464 |
|
| 710 | 2 |
_aEditorial Universitaria Centroamericana _970465 |
|
| 830 | 0 |
_aAula _916604 |
|
| 999 |
_c42462 _d42462 |
||